000 01103 a2200229 4500
001 41053
005 20260407155704.0
008 260407a2005 arg spa d
003 AR-UNSa-BCEJYS
040 _aAR-UNSa-BCEJYS
_bspa
_cAR-UNSa-BCEJYS
080 _a347.2
_xDerechos reales. Cosas. Bienes muebles
245 1 0 _aSistema de derechos reales
_pparte general
020 _a950-894-505-2
264 1 _aBuenos Aires :
_bAD-HOC
_c2005
300 _a157 p.
_c20 cm.
505 _a1. El derecho de cosas - 2. El concepto de derecho real. La distinción entre los derechos reales y los personales - 3. La tipicidad de los derechos reales - 4. El contenido del derecho real - 5. La dínamica de los derechos reales (I): medios y requisitos para su adquisición - 6. La dinámica de los derechos reales (II): modificación y extinción de las relaciones jurídico-reales -
041 _aspa
942 _cBK
590 _aniveau_biblio:m niveau_hierar:0
100 1 _aReina Tartiére, Gabriel de
856 4 1 _uhttps://biblioeco.unsa.edu.ar/pmb/images/libros/L126345.jpg
_yImagen de portada
_qimage/jpeg
999 _c3343
_d3343